000 00464nam a2200181Ia 4500
005 20250423094452.0
008 250422s9999 xx 000 0 und d
020 _a9780070118089
050 _aTK 7871.6 .C65/
100 _aCollin, Robert E.
245 0 _aAntennas and radiowave propagation
260 _aNew York
260 _bMcGraw-Hill
260 _c2021
300 _a487 p
650 _a Antennas (Electronics) Radio wave propagation.
942 _cBK
999 _c27334
_d27334